The end of conveyancing as we know it (Record no. 73932)

MARC details
000 -LEADER
fixed length control field 01282cam a2200277 4500
001 - CONTROL NUMBER
control field ABS67376
008 - FIXED-LENGTH DATA ELEMENTS--GENERAL INFORMATION
fixed length control field 031209n2003 000 0 eng u
035 ## - SYSTEM CONTROL NUMBER
System control number (Sirsi) u124583
100 ## - MAIN ENTRY--PERSONAL NAME
Personal name Rennie, R.
245 #4 - TITLE STATEMENT
Title The end of conveyancing as we know it
260 ## - PUBLICATION, DISTRIBUTION, ETC.
Date of publication, distribution, etc. 2003
490 ## - SERIES STATEMENT
Series statement Journal of the Law Society of Scotland
Volume/sequential designation 48(11) November 2003, 15-18(4)
520 ## - SUMMARY, ETC.
Summary, etc. Reviews the fundamental changes to conveyancing practice in Scotland, which will come about on 28 November 2004 when the Abolition of Feudal Tenure etc. (Scotland ) Act 2000, the Title Conditions (Scotland) Act 2003 and (presumably) the Tenements (Scotland) Act 2004 come into force. Sees them as reforms of pure property law as opposed to technical reforms of conveyancing practice and procedure. Examines the merging of conveyancing and property law both as an academic subject and also in practice.
590 ## - LOCAL NOTE (RLIN)
Local note ABS
650 ## - SUBJECT ADDED ENTRY--TOPICAL TERM
Topical term or geographic name entry element MISSIVES
650 ## - SUBJECT ADDED ENTRY--TOPICAL TERM
Topical term or geographic name entry element TITLE
650 ## - SUBJECT ADDED ENTRY--TOPICAL TERM
Topical term or geographic name entry element MOVEABLE PROPERTY
650 ## - SUBJECT ADDED ENTRY--TOPICAL TERM
Topical term or geographic name entry element HERITABLE PROPERTY
650 ## - SUBJECT ADDED ENTRY--TOPICAL TERM
Topical term or geographic name entry element DEEDS
650 ## - SUBJECT ADDED ENTRY--TOPICAL TERM
Topical term or geographic name entry element SCOTLAND
650 ## - SUBJECT ADDED ENTRY--TOPICAL TERM
Topical term or geographic name entry element ABOLITION OF FEUDAL TENURE ETC (SCOTLAND) ACT 2000
650 ## - SUBJECT ADDED ENTRY--TOPICAL TERM
Topical term or geographic name entry element TITLE CONDITIONS (SCOTLAND) ACT 2003
650 ## - SUBJECT ADDED ENTRY--TOPICAL TERM
Topical term or geographic name entry element TENEMENTS (SCOTLAND) BILL
690 ## - LOCAL SUBJECT ADDED ENTRY--TOPICAL TERM (OCLC, RLIN)
Topical term or geographic name as entry element PROPERTY AND LAND LAW-CONVEYANCING
942 ## - ADDED ENTRY ELEMENTS (KOHA)
Suppress in OPAC 0
Holdings
Withdrawn status Lost status Source of classification or shelving scheme Damaged status Not for loan Home library Current library Shelving location Date acquired Total Checkouts Full call number Barcode Date last seen Copy number Price effective from Koha item type
    Dewey Decimal Classification     London London Journal article 09/12/2003   ABS67376 124583-1001 06/08/2019 1 06/08/2019 Journal article